Normal view
MARC view
- ALEENA AHMAD
Entry Personal Name
001 - CONTROL NUMBER
- control field: 72589
003 - CONTROL NUMBER IDENTIFIER
- control field: NUST
005 - DATE AND TIME OF LATEST TRANSACTION
- control field: 20210628204834.0
008 - FIXED-LENGTH DATA ELEMENTS
- fixed length control field: 210628|| aca||aabn | a|a d
040 ## - CATALOGING SOURCE
- Original cataloging agency: NUST
- Transcribing agency: NUST
100 ## - HEADING--PERSONAL NAME
- Personal name: ALEENA AHMAD
670 ## - SOURCE DATA FOUND
- Source citation: Work cat.: (NUST): ALEENA AHMAD, TH-SOF-1737-Improving Lower and Upper Approximation of Dominance based Rough Set Approach, 2020
